| 000 | 01295nam a2200325 a 4500 | ||
|---|---|---|---|
| 999 |
_c392541 _d392541 |
||
| 003 | BLK | ||
| 005 | 20250530151206.0 | ||
| 008 | 201218b bu ||||| |||| 00| 0 bu d | ||
| 020 | _a9789542620259 | ||
| 040 | _aBLK | ||
| 041 |
_aBUL _cBUL |
||
| 072 | 7 |
_2bullib _aН83 _xЧужда художествена литература Н |
|
| 080 |
_aПортугалска литература _b821.134.3 _x-31 _z821.134.3-31 |
||
| 100 | 1 |
_aСантуш, Жозе Родригеш душ _eпърви автор _9266382 |
|
| 139 |
_aСантуш, Жозе Родригеш душ _bС 18 |
||
| 245 | 1 | 0 |
_aГероичната арка _bРоман _cЖозе Родригеш душ Сантуш; прев. от португ. Весела Чергова. |
| 257 | _aPG | ||
| 260 |
_bХермес _c2020 _fСофия : Алианс принт _aСофия |
||
| 300 |
_a344 с. _c21 см |
||
| 380 | _aX | ||
| 500 | _aОриг. загл. A amante do governator / Jose Rodrigues dos Santos. | ||
| 653 | _aромани | ||
| 659 | _aН | ||
| 700 |
_aЧергова, Весела Петрова _eпрев. от португ. _91116 |
||
| 852 |
_bП _c821-31/С 18 |
||
| 856 | 4 | _qpdf | |
| 856 | 4 | _qpdf | |
| 942 |
_cKNG _n0 _066 _s1 |
||
| 944 |
_aCR _c2020-12-18 _lЦветомила Тодорова _k30576 |
||